000 00319 a2200157 4500
001 180948
020 _a
040 _cMagnum
100 _aLispector, Clarice
240 1 0 _aO primeiro beijo
_lpor
245 1 0 _aO primeiro beijo
362 0 _a1899
440 1 _aÁtica
697 _aMAGNITO: J/CONTO
942 _cBK
999 _c180948
_d180948